000 00488nam a2200157Ia 4500
008 210716s2013 xx 000 0 und d
020 _a9780749469528
041 _aeng
082 _a658.802 CLAP
100 _aClark, Peter J; Mills, Roger W.
245 _aMasterminding the deal: breakthroughs in M and A strategy and analysis.
_bBreakthroughs in M and A strategy and analysis.
250 _a1
260 _aNew Delhi
_bKogan Page
_c2013
300 _axviii,334
650 _aMarketing
999 _c208488
_d208488